Histoire de la Sécurité sociale (1945-1967) – L’État, l’institution et la santé –, Bruno Valat, préface d’André Gueslin, Economica, collection « Économies et sociétés contemporaines », 2001, 544 pages (notice n° 1649730)
[ vue normale ]
| 000 -LEADER | |
|---|---|
| fixed length control field | 01676cam a2200169 4500500 |
| 005 - DATE AND TIME OF LATEST TRANSACTION | |
| control field | 20260208004433.0 |
| 041 ## - LANGUAGE CODE | |
| Language code of text/sound track or separate title | fre |
| 042 ## - AUTHENTICATION CODE | |
| Authentication code | dc |
| 100 10 - MAIN ENTRY--PERSONAL NAME | |
| Personal name | Bourrigaud, René |
| Relator term | author |
| 245 00 - TITLE STATEMENT | |
| Title | Histoire de la Sécurité sociale (1945-1967) – L’État, l’institution et la santé –, Bruno Valat, préface d’André Gueslin, Economica, collection « Économies et sociétés contemporaines », 2001, 544 pages |
| 260 ## - PUBLICATION, DISTRIBUTION, ETC. | |
| Date of publication, distribution, etc. | 2002.<br/> |
| 500 ## - GENERAL NOTE | |
| General note | 81 |
| 520 ## - SUMMARY, ETC. | |
| Summary, etc. | RésuméLe développement des recherches sur l’éthique a répondu à une nécessité face à une perte des repères habituels de la décision et de l’action. La production de nouvelles normes et recommandations a pour une part comblé une attente. Mais l’éthique ne se réduit pas à l’usage de ces références. Pour qu’elle ne soit pas détournée et instrumentalisée à des fins normatives de « bonne pratique », il faut une éthique du rapport à l’éthique. |
| 520 ## - SUMMARY, ETC. | |
| Summary, etc. | Issues in, and the value of, ethicsThe developing research on ethics has responded to a need in the face of a loss of the usual guide marks for both decisions and actions. The production of new standards and recommendations has partly met expectations, but ethics cannot be reduced just to the usage of such references. So that they are not diverted and instrumentalized to the normative ends of « good practice », some ethics are needed in full report with the ethical. |
| 786 0# - DATA SOURCE ENTRY | |
| Note | Revue française des affaires sociales | - | 3 | 2002-09-01 | p. 295b-309b | 0035-2985 |
| 856 41 - ELECTRONIC LOCATION AND ACCESS | |
| Uniform Resource Identifier | <a href="https://shs.cairn.info/revue-francaise-des-affaires-sociales-2002-3-page-295b?lang=fr&redirect-ssocas=7080">https://shs.cairn.info/revue-francaise-des-affaires-sociales-2002-3-page-295b?lang=fr&redirect-ssocas=7080</a> |
Pas d'exemplaire disponible.




Réseaux sociaux